| 000 | 00792cam a2200241 4500 | ||
|---|---|---|---|
| 001 | M91588 | ||
| 008 | 090401t1998 xxu||||| |||| 00| 0 eng d | ||
| 035 | _a(Sirsi) u99398 | ||
| 041 | _aeng | ||
| 110 |
_aRoyal Institution of Chartered Surveyors _94900 |
||
| 245 | 4 | _aThe future of regional planning guidance. | |
| 260 |
_aLondon _bRICS _c1998 |
||
| 300 | _a(5)p. ; 30cm. | ||
| 350 | _a0 | ||
| 490 |
_aRICS Policy Unit Submission _vPU/SUB/042 |
||
| 520 | _aPrepared in response to the consultation document The Future of Regional Planning Guidance. Available on the Internet at http://www.rics.org.uk/parliament/ | ||
| 650 | _aPLANNING POLICY | ||
| 650 | _aREGIONAL PLANNING GUIDANCE | ||
| 650 | _aRPG | ||
| 690 | _aPLANNING LAW AND PRACTICE | ||
| 942 | _n0 | ||
| 948 | _c07/05/1998 | ||
| 999 |
_c99306 _d99306 |
||